Estados financieros básicos: (Registro nro. 9671)

Detalles MARC
000 -LEADER
fixed length control field 01124nam a2200205Ia 4500
005 - FECHA Y HORA DE LA ÚLTIMA TRANSACCIÓN
control field 20231009113939.0
008 - FIXED-LENGTH DATA ELEMENTS--GENERAL INFORMATION
fixed length control field 231006s9999 xx 000 0 und d
020 ## - INTERNATIONAL STANDARD BOOK NUMBER
International Standard Book Number 978-607-541-128-6
040 ## - CATALOGING SOURCE
Original cataloging agency UPAN
Transcribing agency Biblioteca San Vicente
Description conventions RCAA81
041 ## - LANGUAGE CODE
Language code of text/sound track or separate title spa
082 ## - DEWEY DECIMAL CLASSIFICATION NUMBER
Classification number 657.3
Item number R758e
año de publicación 2019
100 ## - MAIN ENTRY--PERSONAL NAME
Personal name Román Fuentes, Juan Carlos
Relator code aut.
245 #0 - TITLE STATEMENT
Title Estados financieros básicos:
Remainder of title procesos de elaboración y reexpresión/
Statement of responsibility, etc Juan Carlos Román Fuentes
260 ## - PUBLICATION, DISTRIBUTION, ETC. (IMPRINT)
Place of publication, distribution, etc México:
Name of publisher, distributor, etc ISEF,
Date of publication, distribution, etc 2019
300 ## - PHYSICAL DESCRIPTION
Extent 332 p.;
Dimensions 28 cm.
505 ## - FORMATTED CONTENTS NOTE
Formatted contents note Capitulo I: Sistema de información contable.<br/>Capitulo II: Estados financieros básicos. Características y objetivos<br/>Capitulo III: Estado de situacion financiera<br/>Capitulo IV: El estado de resultados integral<br/>Capitulo V: El estado de flujos de efectivo<br/>Capitulo VI: El Estado de cambios en el capital contable<br/>Capitulo VII: Proceso integral de elaboración de los estados financieros básicos<br/>Capitulo VIII: La inflación y la reexpresión de la información financiera<br/>
650 ## - SUBJECT ADDED ENTRY--TOPICAL TERM
Source of heading or term LEMB
General subdivision Estados financieros
650 ## - SUBJECT ADDED ENTRY--TOPICAL TERM
Source of heading or term LEMB
General subdivision Sistemas contables
942 ## - ADDED ENTRY ELEMENTS (KOHA)
Koha item type Libros
Source of classification or shelving scheme Dewey Decimal Classification
Existencias
Withdrawn status Lost status Source of classification or shelving scheme Damaged status Not for loan Collection code Home library Current library Date acquired Total Checkouts Full call number Barcode Date last seen Copy number Price effective from Koha item type
    Dewey Decimal Classification     Colección General Biblioteca UPAN San Vicente Biblioteca UPAN San Vicente 06/10/2023   657.3 R758e 12004421 06/10/2023 01 06/10/2023 Libros
    Dewey Decimal Classification     Colección General Biblioteca UPAN San Vicente Biblioteca UPAN San Vicente 09/10/2023   657.3 R758e 12004422 09/10/2023 02 09/10/2023 Libros
    Dewey Decimal Classification     Colección General Biblioteca UPAN San Vicente Biblioteca UPAN San Vicente 09/10/2023   657.3 R758e 12004423 09/10/2023 03 09/10/2023 Libros